| 000 | 00951nam a2200265Ia 4500 | ||
|---|---|---|---|
| 003 | OSt | ||
| 005 | 20221005105044.0 | ||
| 006 | a|||||r|||| 00| 0 | ||
| 007 | ta | ||
| 008 | 221004b |||||||| |||| 00| 0 hin d | ||
| 020 | _cINR 65.00 | ||
| 024 | _a37947 | ||
| 037 |
_b1513, 21/02/2018, Bookwell _cTextual |
||
| 040 |
_aCRL _cCRL _bhin |
||
| 041 |
_2hin _ahin |
||
| 082 | _aV41:1.N9, 152N4 | ||
| 100 | _aमहांति, मनोरंजन, संपा. | ||
| 245 | 0 | _aचीनी क्रांति | |
| 246 | _aChīnī krāanti | ||
| 260 |
_aदिल्ली _bहिंदी माध्यम कार्यान्वय निदेशालय भारत _c1994 |
||
| 300 |
_a166पृ0 _ccm. |
||
| 650 | _aचीन इतिहास | ||
| 942 |
_hV41:1.N9, 152N4 _cTEXL _2cc |
||
| 999 |
_c1014611 _d1014611 |
||